000
00260nam a2200097Ia 4500
005
20251222114357.0
008
251222s1900||||xx |||||||||||||| ||spa||
082
_a
DVD0192/C65/2009
245
0
_a
Jornada docente: Luis Jaime Cisneros, Marcela Orellano:
942
_c
DVD
999
_c
1470
_d
1470